歴代菊花賞勝ち馬 - Statistics

General Stats
  • This quiz has been taken 14 times
    12 since last reset
  • The average score is 18 of 85
Answer Stats
Hint Answer % Correct
2005 ディープインパクト
82%
1984 シンボリルドルフ
73%
1994 ナリタブライアン
73%
1983 ミスターシービー
64%
2001 マンハッタンカフェ
64%
2011 オルフェーヴル
64%
2020 コントレイル
64%
1992 ライスシャワー
55%
2000 エアシャカール
55%
2021 タイトルホルダー
55%
2023 ドゥレッツァ
55%
1941 セントライト
45%
1964 シンザン
45%
1990 メジロマックイーン
45%
1993 ビワハヤヒデ
45%
1995 マヤノトップガン
45%
1996 ダンスインザダーク
45%
1998 セイウンスカイ
45%
2012 ゴールドシップ
45%
2018 フィエールマン
45%
1976 グリーングラス
36%
1987 サクラスターオー
36%
1997 マチカネフクキタル
36%
1999 ナリタトップロード
36%
2002 ヒシミラクル
36%
2013 エピファネイア
36%
2015 キタサンブラック
36%
2016 サトノダイヤモンド
36%
2017 キセキ
36%
2022 アスクビクターモア
36%
2024 アーバンシック
36%
1985 ミホシンザン
27%
1991 レオダーバン
27%
2004 デルタブルース
27%
2007 アサクサキングス
27%
2009 スリーロールス
27%
2019 ワールドプレミア
27%
1943 クリフジ
18%
1986 メジロデュレン
18%
1988 スーパークリーク
18%
2006 ソングオブウインド
18%
1954 ダイナナホウシユウ
9%
1955 メイヂヒカリ
9%
1973 タケホープ
9%
2003 ザッツザプレンティ
9%
2008 オウケンブルースリ
9%
2010 ビッグウィーク
9%
1938 テツモン
0%
1939 マルタケ
0%
1940 テツザクラ
0%
1942 ハヤタケ
0%
1946 アヅマライ
0%
1947 ブラウニー
0%
1948 ニューフォード
0%
1949 トサミドリ
0%
1950 ハイレコード
0%
1951 トラックオー
0%
1952 セントオー
0%
1953 ハクリョウ
0%
1956 キタノオー
0%
1957 ラプソデー
0%
1958 コマヒカリ
0%
1959 ハククラマ
0%
1960 キタノオーザ
0%
1961 アズマテンラン
0%
1962 ヒロキミ
0%
1963 グレートヨルカ
0%
1965 ダイコーター
0%
1966 ナスノコトブキ
0%
1967 ニツトエイト
0%
1968 アサカオー
0%
1969 アカネテンリュウ
0%
1970 ダテテンリュウ
0%
1971 ニホンピロムーテー
0%
1972 イシノヒカル
0%
1974 キタノカチドキ
0%
1975 コクサイプリンス
0%
1977 プレストウコウ
0%
1978 インターグシケン
0%
1979 ハシハーミット
0%
1980 ノースガスト
0%
1981 ミナガワマンナ
0%
1982 ホリスキー
0%
1989 バンブービギン
0%
2014 トーホウジャッカル
0%
No matching quizzes found
Score Distribution
Percent of People with Each Score
Percentile by Number Answered
Your Score History
You have not taken this quiz since the last reset